EFL League 2 2022/23 - Statistics

General Stats
  • This quiz has been taken 15 times
  • The average score is 15 of 24
Answer Stats
Standings Team W D L GF GA Pts % Correct
8th Mansfield Town 21 12 13 72 55 75
92%
4th Stockport County 22 13 11 65 37 79
85%
6th Bradford City 20 16 10 61 43 76
77%
20th Colchester United 12 13 21 44 51 49
77%
9th Barrow 18 8 20 47 53 62
69%
22nd Crawley Town 11 13 22 48 71 46
69%
18th Doncaster Rovers 16 7 23 46 65 55
69%
19th Harrogate Town 12 16 18 59 68 52
69%
2nd Stevenage 24 13 9 61 39 85
69%
14th Sutton United 15 13 18 46 58 58
69%
21st AFC Wimbledon 11 15 20 48 60 48
62%
5th Carlisle 20 16 10 66 43 76
62%
13th Crewe Alexandra 14 16 16 48 60 58
62%
11th Grimsby Town 16 13 17 49 56 61
62%
Champions Leyton Orient 26 13 7 61 34 91
62%
15th Newport County 14 15 17 53 56 57
62%
10th Swindon Town 16 13 17 61 55 61
62%
16th Walsall 12 19 15 46 49 55
62%
17th Gillingham 14 13 19 36 49 55
54%
3rd Northampton Town 23 14 9 62 42 83
54%
7th Salford City 22 9 15 72 54 75
54%
24th Rochdale 9 11 26 46 70 38
46%
12th Tranmere Rovers 15 13 18 45 48 58
46%
23rd Hartlepool 9 16 21 52 78 43
38%
No matching quizzes found
Score Distribution
Percent of People with Each Score
Percentile by Number Answered
Your Score History
You have not taken this quiz